Ronald Koeman's Everton - Statistics

General Stats
  • This quiz has been taken 9 times
  • The average score is 23 of 38
Answer Stats
Rank Player Position Nationality Matches Goals Assists % Correct
1 Ashley Williams Centre-Back 54 2 3
100%
26 Gylfi Sigurdsson Attacking Midfield 12 1 2
100%
3 Idrissa Gueye Defensive Midfield 48 2 1
100%
2 Leighton Baines Left-Back 48 3 4
100%
6 Romelu Lukaku Centre-Forward 39 26 7
100%
11 Séamus Coleman Right-Back 28 4 3
100%
15 Maarten Stekelenburg Goalkeeper 24 0 0
89%
32 Nikola Vlašić Attacking Midfield 8 1 0
89%
4 Kevin Mirallas Right Winger 45 4 6
78%
8 Phil Jagielka Centre-Back 35 3 1
78%
20 Wayne Rooney Centre-Forward 15 5 1
78%
21 Yannick Bolasie Left Winger 15 1 4
78%
31 Arouna Koné Centre-Forward 9 2 0
67%
22 Jordan Pickford Goalkeeper 14 0 0
67%
12 Morgan Schneiderlin Defensive Midfield 28 1 0
67%
7 Ross Barkley Central Midfield 39 6 8
67%
30 Cuco Martina Centre-Back 9 0 0
56%
28 Davy Klaassen Central Midfield 11 0 1
56%
13 Dominic Calvert-Lewin Centre-Forward 28 4 2
56%
16 Enner Valencia Centre-Forward 23 3 1
56%
24 James McCarthy Central Midfield 13 1 2
56%
10 Mason Holgate Centre-Back 29 0 1
56%
19 Michael Keane Centre-Back 15 1 0
56%
34 Muhamed Besic Defensive Midfield 6 0 0
56%
14 Ramiro Funes Mori Centre-Back 26 0 1
56%
23 Ademola Lookman Second Striker 14 1 0
44%
33 Bryan Oviedo Left-Back 7 0 0
44%
17 Joel Robles Goalkeeper 21 0 1
44%
5 Tom Davies Central Midfield 41 2 5
44%
18 Aaron Lennon Right Winger 16 1 1
33%
9 Gareth Barry Defensive Midfield 35 2 1
33%
25 Gerard Deulofeu Centre-Forward 13 0 1
33%
35 Jonjoe Kenny Right-Back 5 0 0
33%
36 Oumar Niasse Centre-Forward 5 4 0
33%
27 Tom Cleverley Central Midfield 12 0 1
33%
38 Darron Gibson Central Midfield 1 0 0
22%
29 Sandro Ramírez Centre-Forward 11 0 1
22%
37 Matthew Pennington Centre-Back 3 1 0
11%
No matching quizzes found
Score Distribution
Percent of People with Each Score
Percentile by Number Answered
Your Score History
You have not taken this quiz